The Adventure Zone 1 - Statistics

General Stats
  • This quiz has been taken 5 times
  • The average score is 6 of 14
Answer Stats
Hint Answer % Correct
Magic item that was sold to Taako at an absurdly low price Flaming Raging Poisoning sword of doom
100%
Well dressed philosopher who created The Hunger John
100%
The B.O.B. artificier in charge of the gashapon machine Leon
80%
Item chased in the stolen century The light of creation
80%
FBI agent that stayed at AMnesty Lodge Agent Stern
60%
Duck's magic sword Beacon
60%
Official name of the shape shifting abomination in Amnesty The countenance
40%
Grand Relic that was in Lucretia's possession THE WHOLE TIME Bulwark staff
20%
Creator of the creepy hands Frankenstein
20%
Both Godwin and Agatha share have this title Lady
20%
The name of a character in Amnesty and in Commitment Sylvain
20%
Dracula's crony Wolfman
20%
Name of the entity living inside of the Umbra staff Luup
0%
The reality show Remy was on Ultimate Ninja Warrior
0%
No matching quizzes found
Score Distribution
Percent of People with Each Score
Percentile by Number Answered
Your Score History
You have not taken this quiz